US States with a Hardees' Restaurant - Statistics

General Stats
  • This quiz has been taken 54 times
    47 since last reset
  • The average score is 25 of 30
Answer Stats
State % Correct
Florida
95%
Kentucky
95%
Georgia
92%
Alabama
89%
North Carolina
89%
Ohio
89%
Illinois
86%
Indiana
86%
South Carolina
86%
Tennessee
86%
Virginia
86%
Iowa
84%
Mississippi
84%
West Virginia
84%
Wisconsin
84%
Arkansas
81%
Missouri
81%
Nebraska
81%
North Dakota
81%
Kansas
78%
Louisiana
78%
Maryland
78%
Michigan
78%
Pennsylvania
78%
South Dakota
78%
Minnesota
76%
Oklahoma
76%
Delaware
70%
Wyoming
68%
Montana
65%
No matching quizzes found
Score Distribution
Percent of People with Each Score
Percentile by Number Answered
Your Score History
You have not taken this quiz since the last reset